|
|
|
|
| LEADER |
00720nta a2200205 i 4500 |
| 001 |
dokt6419 |
| 005 |
20220712095609.0 |
| 008 |
220712s1983 hu om 0|| hun d |
| 040 |
|
|
|a SZTE Doktori Repozitórium
|b hun
|
| 041 |
|
|
|a hun
|
| 100 |
1 |
|
|a Zsilinszky Tibor
|
| 245 |
1 |
0 |
|a Magyarország kétéltűinek (Amphibia) összehasonlító haematológiai vizsgálata
|h [elektronikus dokumentum] /
|c Zsilinszky Tibor
|
| 260 |
|
|
|c 1983
|
| 502 |
|
|
|a Disszertacio
|
| 650 |
|
4 |
|a biológiai tudományok
|
| 650 |
|
4 |
|a Természettudományok
|
| 650 |
|
4 |
|a Biológiai tudományok
|
| 695 |
|
|
|a Állattan
|
| 700 |
1 |
|
|a nincs megadva
|e ths
|
| 856 |
4 |
0 |
|u https://doktori.bibl.u-szeged.hu/id/eprint/6419/1/1983_zsilinszky_tibor.pdf
|z Dokumentum-elérés
|